| 000 | 00522nam a2200169 a 4500 | ||
|---|---|---|---|
| 001 | 000022318 | ||
| 005 | 20200930011701.0 | ||
| 008 | 100927s2005 dr 000 0 spa d | ||
| 040 |
_aDO-SdBNP _bspa _cBNPHU |
||
| 082 |
_axxx _bV161d |
||
| 100 | 1 |
_aValenzuela, Ángelo _927177 |
|
| 245 | 1 | 3 |
_aLa danza en el crepúsculo / _cÁngelo Valenzuela. |
| 260 |
_aSanto Domingo : _bPerla ; _bBúho, _c2005. |
||
| 300 |
_a37 p. ; _c23 cm. |
||
| 500 | _aIncluye datos biográficos del autor en la solapa de la cubierta | ||
| 049 | _aBNPD | ||
| 999 |
_c21816 _d21816 |
||